000 00738nam a22002417a 4500
003 UA-OsUOA
001 46242
007 ta
008 20120207b un ||||| |||| 00| 0 ukr d
100 _aЛипківський В.
090 _a252
_bЛ61
942 _cBK
040 _aUA-OsUOA
_bukr
_cUA-OsUOA
_dUA-OsUOA
245 _aПроповіді на неделі й свята слово Христове до українського народу
300 _a609 с.
955 _a4
041 _aukr
080 _a252
260 _aЗДА
_c1969
650 7 _a2 Релігія. Теологія.
_2UDC
999 _c426350
_d426350